000
00258nam a2200109Ia 4500
008
201217s9999 xx 000 0 und d
100
_a
Barfield, Owen
245
0
_a
World Apart
260
_a
Middletown
_b
Wesleyan University Press
300
_a
211
942
_c
BK
999
_c
7456
_d
7456